| 000 | 01028nam a2200253 a 4500 | ||
|---|---|---|---|
| 001 | 15559 | ||
| 003 | BD-RjUL | ||
| 005 | 20211208235837.0 | ||
| 008 | 161226q1984 tu ||||| |||| 00| 0 eng d | ||
| 020 | _a9290471086 | ||
| 035 | _a(BD-RjUL)15614 | ||
| 040 |
_aBD-RjUL _bben _cBD-RjUL |
||
| 041 | _aben | ||
| 082 |
_a001.402517671 _bSTR 1984 |
||
| 110 |
_aStatistical, Economic and Social Research and Training Centre for Islamic Countries. _9177150 |
||
| 245 | 1 | 0 |
_aResearch institutions / _cStatistical, Economic and Social Research and Training Centre for Islamic Countries. |
| 260 |
_aAnkara, Turkey : _bStatistical, Economic, and Social Research and Training Centre for Islamic Countries (SESRTCIC) , _c[1984?] |
||
| 300 |
_a345 pages ; _c28 cm. |
||
| 490 |
_aDirectory series on OIC member countries ; _v1. |
||
| 500 | _aIncludes indexes. | ||
| 650 |
_aResearch _zIslamic countries _xSocieties, etc. _vDirectories. _9177151 |
||
| 830 |
_aDirectory series on OIC member countries ; _v1. _9177201 |
||
| 942 |
_2ddc _cREF |
||
| 999 |
_c15559 _d15559 |
||